[Event "74. C.to Provinciale VE"]
[Site "Marghera ITA"]
[Date "2014.01.25"]
[Round "2.9"]
[White "Milan, Maurizio"]
[Black "Maggiolo, Italo"]
[Result "1-0"]
[WhiteElo "1509"]
[BlackElo "1440"]
[Annotator "Gabriele Ballarin"]
[PlyCount "68"]
[EventDate "2014.01.24"]
[EventType "swiss"]
[EventRounds "1"]
[EventCountry "ITA"]
[SourceTitle "EXT 2013"]
[Source "ChessBase"]
[SourceDate "2012.11.22"]
[SourceVersion "1"]
[SourceVersionDate "2012.11.22"]
[SourceQuality "1"]

1. e4 b6 2. d4 Bb7 3. Bd3 e6 4. Nf3 Nf6 5. Qe2 g6 6. O-O Bg7 7. Nc3 Ng8 8. Bd2 Ne7 9. Rfe1 d6 10. Rad1 Nd7 11. Bg5 h6 12. Be3 Ng8 13. d5 e5 14. Nd2 Ngf6 15. f4 Qe7 16. b4 Qd8 17. Na4 O-O 18. c4 Qe8 19. Bc2 Nb8 20. c5 Bc8 21. h3 Bd7 22. c6 Bc8 23. Nf3 a6 24. fxe5 dxe5 25. Qd2 Qd8 26. Bxh6 Qd6 27. Bxg7 Kxg7 28. Qc3 Re8 29. Nb2 b5 30. Nd3 Qf8 31. Ndxe5 Qh8 32. Ng5 Qh5 33. Nexf7 Rf8 34. e5 Qxg5 1-0

[Event "74. C.to Provinciale VE"]
[Site "Marghera ITA"]
[Date "2014.01.25"]
[Round "2.10"]
[White "Nardin, Loris"]
[Black "Jabara, Marco"]
[Result "0-1"]
[WhiteElo "1440"]
[BlackElo "1440"]
[Annotator "Gabriele Ballarin"]
[PlyCount "110"]
[EventDate "2014.01.24"]
[EventType "swiss"]
[EventRounds "1"]
[EventCountry "ITA"]
[SourceTitle "EXT 2012"]
[Source "ChessBase"]
[SourceDate "2011.11.24"]
[SourceVersion "1"]
[SourceVersionDate "2011.11.24"]
[SourceQuality "1"]

1. e4 e5 2. Nf3 Nc6 3. Bc4 Nf6 4. d3 Bc5 5. c3 O-O 6. b4 Bd6 7. a4 Ne7 8. Qb3 h6 9. a5 c6 10. O-O Bc7 11. Nbd2 d5 12. exd5 cxd5 13. Bb5 Bf5 14. Re1 Ng6 15. Bb2 a6 16. Ba4 Bxd3 17. c4 dxc4 18. Nxc4 e4 19. Nd4 Qd5 20. Rad1 Qxc4 21. Qxc4 Bxc4 22. Rc1 Ne5 23. Nf5 Nd3 24. Rxc4 Nxb2 25. Rxc7 Nxa4 26. Rxb7 Rfb8 27. Rc7 Rxb4 28. Nd6 Rf8 29. Ra7 Nc5 30. h3 g6 31. Rc1 Nfd7 32. Kf1 Rfb8 33. Nxf7 Kxf7 34. Rxc5 R4b7 35. Rc7 Rxc7 36. Rxc7 Ke6 37. Rc6+ Kd5 38. Rxa6 Ne5 39. Rf6 Rc8 40. a6 Rg8 41. Ke2 Rb8 42. Ke3 Rb2 43. a7 Ra2 44. Kf4 Rxf2+ 45. Kg3 Ra2 46. Rb6 Rxa7 47. Kf4 Rf7+ 48. Kg3 e3 49. Rb5+ Kd4 50. Rb1 e2 51. Re1 Kd3 52. Kh4 Rf1 53. Rxe2 Kxe2 54. g4 Rg1 55. g5 Nf3# 0-1

[Event "74. C.to Provinciale VE"]
[Site "Marghera ITA"]
[Date "2014.01.25"]
[Round "2.11"]
[White "Anoè, Lorenzo"]
[Black "Settimo, Silvia"]
[Result "1-0"]
[WhiteElo "1440"]
[BlackElo "1440"]
[Annotator "Gabriele Ballarin"]
[PlyCount "69"]
[EventDate "2014.01.24"]
[EventType "swiss"]
[EventRounds "1"]
[EventCountry "ITA"]
[SourceTitle "EXT 2012"]
[Source "ChessBase"]
[SourceDate "2011.11.24"]
[SourceVersion "1"]
[SourceVersionDate "2011.11.24"]
[SourceQuality "1"]

1. Nf3 e6 2. d4 d5 3. e3 c5 4. b3 Nc6 5. a3 Nf6 6. Bb2 Qb6 7. Bd3 c4 8. Be2 Ne4 9. Nbd2 c3 10. Nxe4 cxb2 11. Ra2 dxe4 12. Nd2 Qa5 13. O-O b1=Q 14. Nxb1 Nb4 15. Ra1 e5 16. dxe5 Qxe5 17. axb4 Qxa1 18. Bb5+ Ke7 19. Qd5 Qf6 20. Rd1 Qb6 21. Qe5+ Qe6 22. Qc7+ Kf6 23. Bc4 Qe7 24. Qf4+ Bf5 25. g4 Qe5 26. g5+ Kg6 27. Qxe5 f6 28. Qc7 Kxg5 29. Qxb7 Bxb4 30. Qxb4 Rhd8 31. Rxd8 Rxd8 32. Be2 h6 33. Qe7 Rd7 34. Qe8 Bg4 35. Bxg4 1-0

[Event "74. C.to Provinciale VE"]
[Site "Marghera ITA"]
[Date "2014.01.25"]
[Round "3.1"]
[White "Boscolo, Marco"]
[Black "Xia, Jie"]
[Result "0-1"]
[WhiteElo "2128"]
[BlackElo "2259"]
[Annotator "Gabriele Ballarin"]
[PlyCount "68"]
[EventDate "2014.01.24"]
[EventType "swiss"]
[EventRounds "1"]
[EventCountry "ITA"]
[SourceTitle "EXT 2012"]
[Source "ChessBase"]
[SourceDate "2011.11.24"]
[SourceVersion "1"]
[SourceVersionDate "2011.11.24"]
[SourceQuality "1"]

1. d4 d6 2. Nf3 Nf6 3. c4 Nbd7 4. Nc3 e5 5. e4 Be7 6. Be2 O-O 7. O-O c6 8. Qc2 Re8 9. Rd1 Qc7 10. Rb1 Bf8 11. b4 exd4 12. Nxd4 a5 13. a3 axb4 14. axb4 (14. Rxb4 $143 g6 $15) 14... g6 15. Bf4 Ne5 16. h3 Bg7 17. Be3 Qe7 18. f4 (18. Bg5 Ned7 $14) 18... Ned7 (18... Nxe4 $5 19. Qxe4 f5 $14) 19. Bf3 $16 Ra3 (19... Nxe4 20. Qxe4 (20. Bxe4 $143 Nf6 $11) 20... Ra3 21. Qxe7 Rxe7 22. Ne4 Rxe4 23. Bxe4 Rxe3 24. Bf3 $14) 20. Nb3 (20. Bf2 Nf8 $16) 20... Bh6 (20... Nf8 21. Rd3 $16) 21. Qd2 (21. Qc1 Ra8 $18) 21... d5 (21... Bg7 $5 $16) 22. cxd5 $18 Qxb4 23. dxc6 bxc6 24. Qd4 $4 (24. Qc2 $142 $16) 24... Qxd4 $17 25. Rxd4 Ne5 (25... c5 $5 26. Rc4 Ba6 $17) 26. Bc1 $11 Nxf3+ 27. gxf3 Ra8 28. e5 (28. Rd6 Nh5 $11) 28... Nd5 (28... Nh5 $142 $17) 29. Rxd5 $4 (29. Nxd5 $142 $8 cxd5 30. Rxd5 $15) 29... cxd5 $19 30. Nxd5 Bf5 31. Nf6+ Kh8 32. Rb2 (32. Nxe8 Bxb1 (32... Rxe8 $6 33. Ra1 $11) 33. Nd6 Bc2 34. Nxf7+ Kg7 $19) 32... Reb8 (32... Rec8 $142 $5 33. Kf2 Bf8 34. Kg3 $19) 33. Nd4 (33. Ng4 Kg7 34. Nxh6 Kxh6 35. Nd4 Rxb2 36. Bxb2 Bxh3 37. Kh2 $19) 33... Rxb2 34. Bxb2 Be6 0-1

[Event "74. C.to Provinciale VE"]
[Site "Marghera ITA"]
[Date "2014.01.25"]
[Round "3.2"]
[White "Zamengo, Fulvio"]
[Black "Zamengo, Bruno"]
[Result "1/2-1/2"]
[WhiteElo "2140"]
[BlackElo "1949"]
[Annotator "Gabriele Ballarin"]
[PlyCount "24"]
[EventDate "2014.01.24"]
[EventType "swiss"]
[EventRounds "1"]
[EventCountry "ITA"]
[SourceTitle "EXT 2012"]
[Source "ChessBase"]
[SourceDate "2011.11.24"]
[SourceVersion "1"]
[SourceVersionDate "2011.11.24"]
[SourceQuality "1"]

1. d4 d6 2. Qd3 e5 3. a4 Be7 4. h3 f5 5. Ra3 Be6 6. Qg3 c5 7. Qh2 e4 8. Rg3 Bb3 9. c4 Bh4 10. f3 e3 11. d5 Qa5+ 12. Nd2 f4 1/2-1/2

[Event "74. C.to Provinciale VE"]
[Site "Marghera ITA"]
[Date "2014.01.25"]
[Round "3.3"]
[White "Polese, Marco"]
[Black "Mileto, Gabriele"]
[Result "0-1"]
[WhiteElo "1915"]
[BlackElo "2158"]
[Annotator "Gabriele Ballarin"]
[PlyCount "62"]
[EventDate "2014.01.24"]
[EventType "swiss"]
[EventRounds "1"]
[EventCountry "ITA"]
[SourceTitle "EXT 2013"]
[Source "ChessBase"]
[SourceDate "2012.11.22"]
[SourceVersion "1"]
[SourceVersionDate "2012.11.22"]
[SourceQuality "1"]

1. d4 d5 2. Nf3 c6 3. Bf4 Qb6 4. Qc1 Bf5 5. e3 Nf6 6. c4 e6 7. Nbd2 Nbd7 8. Nh4 Be4 9. f3 Bg6 10. Nxg6 hxg6 11. c5 Qd8 12. Bg3 Nh5 13. Bf2 e5 14. Qc3 exd4 15. exd4 Qe7+ 16. Be3 Ng3 17. hxg3 Rxh1 18. O-O-O Qf6 19. Bf4 Be7 20. Re1 Kf8 21. Qe3 b6 22. Nb3 g5 23. Be5 Nxe5 24. dxe5 Qg6 25. cxb6 axb6 26. Qxb6 Re8 27. Kd2 Qh6 28. Be2 Rxe1 29. Kxe1 Qg6 30. Nd2 Qc2 31. Bd1 Qc5 0-1

[Event "74. C.to Provinciale VE"]
[Site "Marghera ITA"]
[Date "2014.01.25"]
[Round "3.4"]
[White "Ballarin, Gabriele"]
[Black "Barbieri, Lorenzo"]
[Result "1-0"]
[WhiteElo "1886"]
[BlackElo "1824"]
[Annotator "Gabriele Ballarin"]
[PlyCount "57"]
[EventDate "2014.01.24"]
[EventType "swiss"]
[EventRounds "1"]
[EventCountry "ITA"]
[SourceTitle "EXT 2013"]
[Source "ChessBase"]
[SourceDate "2012.11.22"]
[SourceVersion "1"]
[SourceVersionDate "2012.11.22"]
[SourceQuality "1"]

{[%mdl 8192] C54: Giuoco Piano: 4 c3 Cf6, linee principali con 5 d4 e 5 d3} 1. e4 e5 2. Nf3 Nc6 3. Bc4 Bc5 4. c3 Nf6 5. d3 d6 6. Bb3 h6 7. h3 O-O 8. Nbd2 Be6 {Ultima mossa libro} 9. Bc2 (9. Bxe6 $5 fxe6 10. b4 $11) 9... a5 10. g4 $2 (10. O-O $5 $15 {merita attenzione}) (10. Nf1 d5 11. Qe2) 10... d5 (10... Qd7 11. g5 hxg5 12. Nxg5 $17) 11. Qe2 Re8 {Il Bianco ha una posizione ristretta. Il pezzo del Bianco non può essere mosso: c1} (11... a4 12. exd5 Nxd5 13. Ne4 $17) 12. Nf1 (12. exd5 Bxd5 13. Ne4 Nd7 $15) 12... Nh7 (12... b5 $5 13. Ne3 $19) 13. Ng3 dxe4 (13... a4 $5 $17) 14. dxe4 $11 a4 15. Nf5 Be7 (15... Qb8 $5 $15) 16. h4 Bxf5 {Il Nero può attaccare sull'ala di re} 17. gxf5 {Il Bianco ha la coppia degli alfieri} ({È più debole} 17. exf5 e4 18. Nd2 e3 19. fxe3 Bxh4+ 20. Kf1 Bf6 $17) 17... Bf6 $2 {Blocca il pedone in f5} (17... Nf6 $142 $5 $14 {ed il Nero può sperare di sopravvivere}) 18. Rg1 $16 Kh8 ({È inferiore} 18... Bxh4 19. Bxh6 Bf6 20. a3 $18) 19. Ng5 {Il Bianco minaccia di guadagnare materiale: Cg5xf7} (19. Be3 $5 Qe7 $16) 19... Rf8 (19... Kg8 20. Nxh7 Kxh7 21. Bd2 $16) 20. Qh5 $16 Qe7 (20... hxg5 $4 {un'imprecisione decisiva} 21. hxg5 g6 22. Qh2 $18) 21. Be3 b6 $2 (21... Na5 22. Bd3 c5 $16 (22... hxg5 $4 {non è assolutamente consigliabile} 23. hxg5 g6 24. Qh3 Bxg5 25. Bxg5 $18)) 22. O-O-O $18 Nb8 $4 {anche una mossa migliore non avrebbe salvato la partita} (22... Kg8 $142 $18) 23. Bd3 a3 (23... Nc6 {non è la mossa che salva} 24. Nxh7 Kxh7 25. Rg6 fxg6 26. fxg6+ Kg8 27. Bc4+ Rf7 28. Bxh6 $18) 24. b3 (24. Nxh7 Nd7 25. Bxh6 axb2+ 26. Kb1 g6 27. Bg7+ Kxg7 28. fxg6 Rxa2 29. gxf7+ Bg5 30. Rxg5+ Qxg5 31. Qxg5+ Kxh7 32. Qf5+ Kh8 33. Kxa2 b1=B+ 34. Bxb1 b5 35. Rxd7 Ra8+ 36. Kb3 Rf8 37. Qxe5+ Kh7 38. Qh5+ Kg7 39. Qg5+ Kh7 40. e5+ Kh8 41. Qf6#) 24... Nc6 (24... hxg5 $4 {uno sbaglio gigantesco} 25. hxg5 g6 26. Qh2 $18) 25. Bc4 (25. Nxh7 $142 {rende la vita ancor più facile al Bianco} Kxh7 26. Rg6 fxg6 27. fxg6+ Kg8 28. Bc4+ Rf7 29. Bxh6 $18) 25... Nd8 (25... Rad8 {non salva la pelle} 26. Nxf7+ Rxf7 27. Bxf7 $18) 26. Kc2 (26. Nxh7 Ne6 27. Rd7 Qxd7 28. Nxf6 Qd3 29. Bxd3 Nf4 30. Bxf4 exf4 31. Bc4 Rad8 32. Qg4 Rg8 33. Nxg8 g6 34. Nxh6 Kg7 35. fxg6 Kf8 36. g7+ Ke7 37. g8=Q Re8 38. Qxf7+ Kd6 39. Qd5+ Ke7 40. Qg7#) 26... Rb8 (26... Qe8 {non aiuta molto} 27. Nxh7 Kxh7 28. Bxh6 gxh6 29. Bxf7 Qxf7 30. Rd7 $18) 27. Rg2 (27. Nxh7 $142 {inchioda l'avversario} Ne6 28. Rd7 $18) 27... b5 (27... Ne6 {non è di molto aiuto} 28. fxe6 Bxg5 29. hxg5 fxe6 $18) 28. Be2 (28. Nxh7 Rb6 29. Rdg1 Bg5 30. Bxg5 Qxg5 31. hxg5 bxc4 32. gxh6 g5 33. Qxg5 Rg6 34. fxg6 cxb3+ 35. axb3 fxg6 36. Qxe5+ Rf6 37. Qxf6+ Kxh7 38. Qg7#) 28... c5 (28... Qe8 {l'ultimo rantolo} 29. Ba7 Qc6 30. Bxb8 Bxg5 31. hxg5 Qxe4+ 32. Rd3 Qxg2 33. Bxc7 Nc6 34. gxh6 gxh6 35. Qxh6 Qxf2 $18) 29. Rd5 (29. Rd5 c4 30. Bc5 $18) 1-0

[Event "74. C.to Provinciale VE"]
[Site "Marghera ITA"]
[Date "2014.01.25"]
[Round "3.5"]
[White "Jabara, Marco"]
[Black "Guidobene, Davide"]
[Result "1/2-1/2"]
[WhiteElo "1440"]
[BlackElo "1798"]
[Annotator "Gabriele Ballarin"]
[PlyCount "75"]
[EventDate "2014.01.24"]
[EventType "swiss"]
[EventRounds "1"]
[EventCountry "ITA"]
[SourceTitle "EXT 2012"]
[Source "ChessBase"]
[SourceDate "2011.11.24"]
[SourceVersion "1"]
[SourceVersionDate "2011.11.24"]
[SourceQuality "1"]

1. e4 c5 2. Nf3 a6 3. d4 cxd4 4. Nxd4 e5 5. Nf5 d5 6. Ng3 d4 7. Bd3 Bb4+ 8. Bd2 Qb6 9. c3 Bc5 10. b4 dxc3 11. bxc5 cxd2+ 12. Nxd2 Qxc5 13. Rc1 Qd4 14. Qc2 Nc6 15. Nf3 Qb4+ 16. Qc3 Qxc3+ 17. Rxc3 Bg4 18. Bc4 Nf6 19. Nh4 g6 20. O-O O-O 21. Rb1 Rac8 22. h3 Bd7 23. Be2 b5 24. Nf3 Nd4 25. Ra3 Nxe2+ 26. Nxe2 Rfe8 27. Ng3 Bc6 28. Rxa6 Kg7 29. Re1 Bd7 30. Ra7 Bc6 31. Ng5 Rf8 32. Ne6+ Kg8 33. Nxf8 Kxf8 34. f3 Bd7 35. Rd1 Be6 36. Rd2 Ke8 37. Rb2 Nd7 38. Ne2 1/2-1/2

[Event "74. C.to Provinciale VE"]
[Site "Marghera ITA"]
[Date "2014.01.25"]
[Round "3.6"]
[White "Anoè, Lorenzo"]
[Black "Civitareale, Alberto"]
[Result "1/2-1/2"]
[WhiteElo "1440"]
[BlackElo "1727"]
[Annotator "Gabriele Ballarin"]
[PlyCount "80"]
[EventDate "2014.01.24"]
[EventType "swiss"]
[EventRounds "1"]
[EventCountry "ITA"]
[SourceTitle "EXT 2012"]
[Source "ChessBase"]
[SourceDate "2011.11.24"]
[SourceVersion "1"]
[SourceVersionDate "2011.11.24"]
[SourceQuality "1"]

1. Nf3 d5 2. d4 e6 3. e3 Nf6 4. Bd3 Be7 5. b3 O-O 6. Bb2 Nbd7 7. Nbd2 b6 8. Ne5 Bb7 9. O-O a6 10. c4 c5 11. Rc1 Nxe5 12. dxe5 Nd7 13. f4 dxc4 14. Nxc4 f6 15. exf6 Nxf6 16. Qe2 Be4 17. Rcd1 Bxd3 18. Rxd3 Qc7 19. Be5 Qb7 20. Nd6 Bxd6 21. Bxd6 Rfd8 22. Rfd1 Nd5 23. e4 Rxd6 24. exd5 exd5 25. Rxd5 Rxd5 26. Qe6+ Qf7 27. Qxd5 Qxd5 28. Rxd5 Re8 29. Kf2 Re7 30. Rd6 Rb7 31. a4 a5 32. Ke3 b5 33. Rc6 bxa4 34. bxa4 Rb4 35. Rxc5 Rxa4 36. Rc2 Rb4 37. g4 a4 38. Rc8+ Kf7 39. Rc7+ Kf8 40. Rc8+ Kf7 1/2-1/2

[Event "74. C.to Provinciale VE"]
[Site "Marghera ITA"]
[Date "2014.01.25"]
[Round "3.7"]
[White "Donzella, Daniele"]
[Black "Restifo Pecorella, Marco"]
[Result "1-0"]
[WhiteElo "1500"]
[BlackElo "1440"]
[Annotator "Gabriele Ballarin"]
[PlyCount "111"]
[EventDate "2014.01.24"]
[EventType "swiss"]
[EventRounds "1"]
[EventCountry "ITA"]
[SourceTitle "EXT 2013"]
[Source "ChessBase"]
[SourceDate "2012.11.22"]
[SourceVersion "1"]
[SourceVersionDate "2012.11.22"]
[SourceQuality "1"]

1. d4 Nf6 2. c4 g6 3. Nc3 Bg7 4. e3 d6 5. Nf3 O-O 6. Bd3 b6 7. h4 Bg4 8. Be2 c5 9. d5 Nbd7 10. Ng5 Ne5 11. f4 Bxe2 12. Qxe2 Neg4 13. h5 gxh5 14. Nce4 h6 15. Nxf6+ Nxf6 16. Nf3 Ne4 17. Qc2 Ng3 18. Rh3 h4 19. Nxh4 Nh5 20. Nf5 Nf6 21. Nxh6+ Bxh6 22. Rxh6 Kg7 23. Rh3 Rh8 24. Bd2 Rxh3 25. gxh3 Qh8 26. O-O-O Qxh3 27. Rg1+ Ng4 28. Qf5 Kh8 29. Qxg4 Qxg4 30. Rxg4 a6 31. Bc3+ f6 32. e4 b5 33. cxb5 axb5 34. a3 e5 35. dxe6 Re8 36. Bxf6+ Kh7 37. e7 b4 38. axb4 cxb4 39. Rg7+ Kh8 40. Rf7+ Kg8 41. Rf8+ Rxf8 42. exf8=Q+ Kxf8 43. e5 dxe5 44. fxe5 Kf7 45. Kc2 Ke6 46. Kb3 Kf5 47. Kxb4 Ke6 48. Kc5 Kd7 49. b4 Ke6 50. b5 Kd7 51. b6 Kc8 52. e6 Kb8 53. e7 Ka8 54. e8=Q+ Kb7 55. Qd7+ Ka6 56. Qa7# 1-0

[Event "74. C.to Provinciale VE"]
[Site "Marghera ITA"]
[Date "2014.01.25"]
[Round "3.8"]
[White "Latella, Tommaso"]
[Black "Milan, Maurizio"]
[Result "0-1"]
[WhiteElo "1425"]
[BlackElo "1509"]
[Annotator "Gabriele Ballarin"]
[PlyCount "126"]
[EventDate "2014.01.24"]
[EventType "swiss"]
[EventRounds "1"]
[EventCountry "ITA"]
[SourceTitle "EXT 2013"]
[Source "ChessBase"]
[SourceDate "2012.11.22"]
[SourceVersion "1"]
[SourceVersionDate "2012.11.22"]
[SourceQuality "1"]

1. e4 c5 2. d4 cxd4 3. c3 Nf6 4. e5 Nd5 5. c4 Nb6 6. Nf3 Nc6 7. Nxd4 Nxe5 8. b3 d6 9. Bb2 Bd7 10. Nd2 Nc6 11. Bd3 e5 12. Ne2 f5 13. O-O Be7 14. Rc1 O-O 15. Bb1 Bf6 16. Ba3 Nc8 17. Re1 Qa5 18. Bb2 Bg5 19. Bc3 Qc5 20. Qc2 Nb4 21. Qb2 a5 22. a3 Nc6 23. Rcd1 Bf6 24. Nf1 Be6 25. Ne3 Bg5 26. Nd5 Bd8 27. Ng3 N8e7 28. Ne3 Bc7 29. Bd3 Qa7 30. Nc2 f4 31. Ne4 h6 32. Nd2 Bg4 33. Be2 Bf5 34. Nf3 Bb6 35. Rf1 Rad8 36. b4 Kh7 37. b5 Nb8 38. Nh4 Be4 39. Nf3 Bc5 40. Nce1 Nd7 41. Qd2 Nf6 42. Bxa5 b6 43. Bb4 Nf5 44. Bd3 Ne3 45. Bxe4+ Nxe4 46. Qd3 Nxd1 47. Qxe4+ g6 48. Qc2 Nxf2 49. Rxf2 Bxf2+ 50. Kxf2 Qf7 51. Qe2 Rfe8 52. Nd2 Qf6 53. Nef3 Qe6 54. Bc3 Qf5 55. Qe4 Qxe4 56. Nxe4 Kg7 57. Bb4 Re6 58. Ng1 d5 59. cxd5 Rxd5 60. Ne2 g5 61. N2c3 Rd4 62. Ke2 Kg6 63. a4 Rxb4 0-1

[Event "74. C.to Provinciale VE"]
[Site "Marghera ITA"]
[Date "2014.01.25"]
[Round "3.9"]
[White "Bertaggia, Mirco"]
[Black "Fornaro, Massimo"]
[Result "0-1"]
[WhiteElo "1440"]
[BlackElo "1440"]
[Annotator "Gabriele Ballarin"]
[PlyCount "94"]
[EventDate "2014.01.24"]
[EventType "swiss"]
[EventRounds "1"]
[EventCountry "ITA"]
[SourceTitle "EXT 2012"]
[Source "ChessBase"]
[SourceDate "2011.11.24"]
[SourceVersion "1"]
[SourceVersionDate "2011.11.24"]
[SourceQuality "1"]

1. e4 e6 2. Nf3 b6 3. d4 d6 4. c4 Bb7 5. Nc3 Be7 6. Bd3 h6 7. Be3 Nd7 8. Qc2 c5 9. d5 e5 10. O-O g5 11. Be2 Ngf6 12. h3 a6 13. Nh2 Bc8 14. Qa4 O-O 15. a3 Nh7 16. Ng4 Kg7 17. b4 h5 18. Nh2 Ndf6 19. Qd1 Rh8 20. Bxh5 Nxh5 21. Qxh5 Nf8 22. Qf3 Ng6 23. bxc5 bxc5 24. Rab1 Bd7 25. a4 Qc7 26. a5 Rab8 27. Rxb8 Qxb8 28. Rb1 Qc7 29. Rb6 Qc8 30. Qg3 f6 31. Rb3 Bd8 32. Ra3 Bc7 33. Ng4 Bxg4 34. Qxg4 Qd8 35. Bd2 Rh4 36. Qe2 Bxa5 37. Kh2 Bxc3 38. Bxc3 Nf4 39. Qf1 Qc8 40. Bd2 Ng6 41. Qa1 Rxe4 42. Rxa6 Qf5 43. f3 Re2 44. Ra7+ Kh6 45. Qa5 Nf4 46. Bxf4 Qxf4+ 47. Kg1 Qg3 0-1

[Event "74. C.to Provinciale VE"]
[Site "Marghera ITA"]
[Date "2014.01.25"]
[Round "3.10"]
[White "Mastrogiovanni, Giulio"]
[Black "Settimo, Silvia"]
[Result "0-1"]
[WhiteElo "1503"]
[BlackElo "1440"]
[Annotator "Gabriele Ballarin"]
[PlyCount "114"]
[EventDate "2014.01.24"]
[EventType "swiss"]
[EventRounds "1"]
[EventCountry "ITA"]
[SourceTitle "EXT 2013"]
[Source "ChessBase"]
[SourceDate "2012.11.22"]
[SourceVersion "1"]
[SourceVersionDate "2012.11.22"]
[SourceQuality "1"]

1. e4 e6 2. d4 d5 3. Nd2 Nf6 4. e5 Nfd7 5. Ngf3 c5 6. dxc5 Bxc5 7. Nb3 O-O 8. Nxc5 Nxc5 9. Be3 Ncd7 10. Bb5 Qa5+ 11. Qd2 Qxb5 12. O-O-O Nb6 13. h4 Nc4 14. Qc3 Qa5 15. Qxa5 Nxa5 16. g4 Nbc6 17. h5 f6 18. exf6 Rxf6 19. Nd4 e5 20. Nxc6 bxc6 21. c3 Bxg4 22. Rdg1 Bf5 23. Rg2 Be4 24. Rhg1 Bxg2 25. Rxg2 h6 26. b4 Nc4 27. Bc5 a5 28. Kb1 axb4 29. cxb4 d4 30. Kc2 Rxa2+ 31. Kb3 Raxf2 32. Rxf2 Rxf2 33. Kxc4 Rc2+ 34. Kd3 Rc3+ 35. Kd2 Kf7 36. Ke2 Ke6 37. Bf8 d3+ 38. Kd2 Rb3 39. Bxg7 Rxb4 40. Kxd3 Rh4 41. Bxh6 Rxh5 42. Bf8 Kd5 43. Ke3 Rh3+ 44. Ke2 e4 45. Bb4 Kd4 46. Kd2 Rh2+ 47. Kd1 c5 48. Ba5 Kd3 49. Kc1 Rh1+ 50. Kb2 e3 51. Kb3 e2 52. Kb2 e1=Q 53. Bxe1 Rxe1 54. Kb3 c4+ 55. Kb2 c3+ 56. Kb3 c2 57. Ka2 c1=R 0-1

[Event "74. C.to Provinciale VE"]
[Site "Marghera ITA"]
[Date "2014.01.25"]
[Round "3.11"]
[White "Maggiolo, Italo"]
[Black "Nardin, Loris"]
[Result "0-1"]
[WhiteElo "1440"]
[BlackElo "1440"]
[Annotator "Gabriele Ballarin"]
[PlyCount "42"]
[EventDate "2014.01.24"]
[EventType "swiss"]
[EventRounds "1"]
[EventCountry "ITA"]
[SourceTitle "EXT 2012"]
[Source "ChessBase"]
[SourceDate "2011.11.24"]
[SourceVersion "1"]
[SourceVersionDate "2011.11.24"]
[SourceQuality "1"]

1. g3 d5 2. Nc3 d4 3. Nb1 e5 4. d3 Nf6 5. Bg2 c5 6. Nd2 Bf5 7. Bxb7 Nbd7 8. Bxa8 Qxa8 9. f3 Bd6 10. Nc4 Bc7 11. Bd2 O-O 12. Qc1 Re8 13. b3 e4 14. dxe4 Nxe4 15. Qb2 Nxd2 16. Kxd2 Ne5 17. Nxe5 Ba5+ 18. Kd1 Bc3 19. Qc1 Rxe5 20. Qf4 d3 21. Qc1 dxc2+ 0-1